[Event "RSA-ch"]
[Site "Cape Town"]
[Date "2009.12.04"]
[Round "9"]
[White "Van den Heever, Donovan"]
[Black "Van der Nat, Nicholas P"]
[Result "1/2-1/2"]
[WhiteElo "2266"]
[BlackElo "2272"]
[PlyCount "87"]
[EventDate "2009.11.27"]
[EventType "tourn"]
[EventRounds "11"]
[EventCountry "RSA"]
[EventCategory "1"]
[SourceTitle "EXT 2011"]
[Source "ChessBase"]
[SourceDate "2010.11.26"]
[SourceVersion "1"]
[SourceVersionDate "2010.11.26"]
[SourceQuality "1"]

1. e4 c5 2. Nf3 Nc6 3. d4 cxd4 4. Nxd4 g6 5. c4 Bg7 6. Be3 Nf6 7. Nc3 d6 8. Be2 0-0 9. 0-0 Bd7 10. Nc2 Rc8 11. f3 Ne5 12. Na3 Qa5 13. Qd2 Rfe8 14. Rfd1 a6 15. h3 Ba4 16. Rdc1 Bc6 17. Nc2 Qd8 18. Rab1 a5 19. b3 b6 20. Rd1 Bb7 21. Nd4 Nfd7 22. f4 Nc6 23. Ndb5 Nc5 24. Bf3 Nb4 25. a3 Nba6 26. Qf2 Nd7 27. Qd2 Nc7 28. Nd4 Nc5 29. Nd5 e5 30. fxe5 dxe5 31. Nc2 N7e6 32. b4 axb4 33. axb4 Nd7 34. Qd3 Ba6 35. Qa3 Bxc4 36. Nxb6 Nd4 37. Bxd4 exd4 38. Nxc8 d3 39. Rxd3 Bxd3 40. Qxd3 Qxc8 41. Bg4 Ne5 42. Bxc8 Nxd3 43. Ba6 Nf4 44. Bb7 1/2-1/2

[Event "RSA-ch"]
[Site "Cape Town"]
[Date "2009.11.30"]
[Round "5"]
[White "Cawdery, Daniel"]
[Black "Van der Nat, Nicholas P"]
[Result "1/2-1/2"]
[WhiteElo "2281"]
[BlackElo "2272"]
[PlyCount "86"]
[EventDate "2009.11.27"]
[EventType "tourn"]
[EventRounds "11"]
[EventCountry "RSA"]
[EventCategory "1"]
[SourceTitle "EXT 2011"]
[Source "ChessBase"]
[SourceDate "2010.11.26"]
[SourceVersion "1"]
[SourceVersionDate "2010.11.26"]
[SourceQuality "1"]

1. e4 c5 2. Nf3 Nc6 3. d4 cxd4 4. Nxd4 g6 5. Nc3 Bg7 6. Be3 Nf6 7. Bc4 Qa5 8. 0-0 0-0 9. Nb3 Qc7 10. Be2 b6 11. f4 d6 12. g4 Bb7 13. g5 Nd7 14. Nd5 Qd8 15. f5 Bxb2 16. Rb1 Be5 17. f6 e6 18. Nf4 Nxf6 19. gxf6 Bxf6 20. Bd3 Ne5 21. Qe2 Bg7 22. Nd2 Qe7 23. h3 f5 24. Kh2 Rac8 25. a4 fxe4 26. Nxe4 d5 27. Ng3 Qd6 28. Bd2 Nxd3 29. Qxd3 e5 30. Bb4 Qc6 31. Bxf8 exf4 32. Bxg7 fxg3+ 33. Qxg3 Kxg7 34. Rbe1 Qxc2+ 35. Rf2 Qc7 36. Re5 Rd8 37. Qf4 Qd6 38. Kg1 Rf8 39. Qd4 Kg8 40. Rxf8+ Qxf8 41. Qe3 Kf7 42. Qf4+ Kg8 43. Qe3 Kf7 1/2-1/2

[Event "RSA-ch"]
[Site "Cape Town"]
[Date "2009.11.29"]
[Round "4"]
[White "Van der Nat, Nicholas P"]
[Black "Solomons, Deon"]
[Result "1-0"]
[WhiteElo "2272"]
[BlackElo "2191"]
[PlyCount "79"]
[EventDate "2009.11.27"]
[EventType "tourn"]
[EventRounds "11"]
[EventCountry "RSA"]
[EventCategory "1"]
[SourceTitle "EXT 2011"]
[Source "ChessBase"]
[SourceDate "2010.11.26"]
[SourceVersion "1"]
[SourceVersionDate "2010.11.26"]
[SourceQuality "1"]

1. e4 e5 2. Nf3 Nc6 3. Bb5 Nge7 4. 0-0 g6 5. d4 exd4 6. Nxd4 Bg7 7. Be3 0-0 8. c4 a6 9. Ba4 d6 10. Bb3 Na5 11. Nc3 Nec6 12. c5 Ne5 13. Nde2 Nxb3 14. axb3 Be6 15. Nf4 dxc5 16. Nxe6 fxe6 17. Bxc5 Rf7 18. b4 Qh4 19. f3 b6 20. Bf2 Qg5 21. Kh1 Rd8 22. Qb3 Rd2 23. Bg3 Nd3 24. Qxe6 Be5 25. Rad1 Bxg3 26. Rxd2 Qh6 27. Qh3 Qxd2 28. Qxg3 Qxb2 29. Nd5 Nxb4 30. Nxc7 Nc6 31. Nd5 Kg7 32. Qd6 Qc2 33. Nxb6 a5 34. Qa3 Rb7 35. Rc1 Qf2 36. Qa1+ Kh6 37. Rxc6 Rxb6 38. Qc1+ Kg7 39. Rc7+ Kh8 40. Qc3+ 1-0

[Event "RSA-ch"]
[Site "Cape Town"]
[Date "2009.11.28"]
[Round "2"]
[White "Van der Nat, Nicholas P"]
[Black "Mosetlhe, Kgaugelo"]
[Result "1-0"]
[WhiteElo "2272"]
[BlackElo "2100"]
[PlyCount "39"]
[EventDate "2009.11.27"]
[EventType "tourn"]
[EventRounds "11"]
[EventCountry "RSA"]
[EventCategory "1"]
[SourceTitle "EXT 2011"]
[Source "ChessBase"]
[SourceDate "2010.11.26"]
[SourceVersion "1"]
[SourceVersionDate "2010.11.26"]
[SourceQuality "1"]

1. e4 e5 2. Nf3 Nf6 3. d4 Nxe4 4. Bd3 d5 5. Nxe5 Be7 6. 0-0 Nd7 7. Nxd7 Bxd7 8. Re1 Bf5 9. c4 Qd7 10. Nc3 Nxc3 11. bxc3 Bxd3 12. Qxd3 dxc4 13. Qe4 Qe6 14. Ba3 Bxa3 15. Qxb7 0-0 16. Rxe6 fxe6 17. Rb1 Bd6 18. Qc6 Rab8 19. Rxb8 Rxb8 20. g3 1-0

[Event "Budapest FS04 IM"]
[Site "Budapest"]
[Date "2008.04.10"]
[Round "6"]
[White "Van der Nat, Nicholas P"]
[Black "Natsidis, Christoph"]
[Result "0-1"]
[WhiteElo "2265"]
[BlackElo "2280"]
[PlyCount "84"]
[EventDate "2008.04.05"]
[EventType "tourn"]
[EventRounds "11"]
[EventCountry "HUN"]
[EventCategory "1"]
[SourceTitle "CBM 123 Extra"]
[Source "ChessBase"]
[SourceDate "2008.05.06"]
[SourceVersion "1"]
[SourceVersionDate "2008.05.06"]
[SourceQuality "1"]

1. e4 e6 2. d4 d5 3. Nc3 Nf6 4. Bg5 dxe4 5. Nxe4 Be7 6. Bxf6 gxf6 7. Nf3 f5 8. Ng3 c5 9. Bb5+ Bd7 10. Bc4 cxd4 11. 0-0 Nc6 12. Nxd4 Qb6 13. Nxc6 Qxc6 14. Qe2 0-0-0 15. a4 a6 16. Rfb1 f4 17. Ne4 Rhg8 18. f3 f5 19. Nd2 Rg6 20. Qe1 Bc5+ 21. Kh1 Be3 22. Bf1 Rdg8 23. Ra3 Kb8 24. b4 Qxc2 25. b5 a5 26. Rxe3 fxe3 27. Qxe3 Rc8 28. Qd4 Be8 29. b6 Qc5 30. Qf4+ e5 31. Qxf5 Rxb6 32. Rxb6 Qxb6 33. Qxe5+ Qc7 34. Qe4 Bg6 35. Qd4 Rd8 36. Qb2 Qf4 37. Nc4 Qc7 38. g3 Qc5 39. Ne5 Be8 40. Ba6 Qb4 41. Qe2 bxa6 42. Nc4 Qc5 0-1

[Event "Budapest FS04 IM"]
[Site "Budapest"]
[Date "2008.04.08"]
[Round "4"]
[White "Gara, Ticia"]
[Black "Van der Nat, Nicholas P"]
[Result "1/2-1/2"]
[WhiteElo "2316"]
[BlackElo "2265"]
[PlyCount "100"]
[EventDate "2008.04.05"]
[EventType "tourn"]
[EventRounds "11"]
[EventCountry "HUN"]
[EventCategory "1"]
[SourceTitle "CBM 123 Extra"]
[Source "ChessBase"]
[SourceDate "2008.05.06"]
[SourceVersion "1"]
[SourceVersionDate "2008.05.06"]
[SourceQuality "1"]

1. e4 c5 2. b3 Nc6 3. Bb2 e5 4. Bb5 d6 5. Bxc6+ bxc6 6. Ne2 Nf6 7. d3 Be7 8. 0-0 0-0 9. Nd2 Nh5 10. f4 Nxf4 11. Nxf4 exf4 12. Rxf4 d5 13. Rf1 Bg5 14. Nf3 Bf4 15. Qe1 Qd6 16. Ba3 Re8 17. Qf2 dxe4 18. dxe4 Rxe4 19. Rad1 Qc7 20. Bxc5 Bg4 21. h3 Bh5 22. Rd3 Rae8 23. Rfd1 Bg3 24. Qd2 Be1 25. Rxe1 Bxf3 26. Rxe4 Bxe4 27. Rd7 Qe5 28. Bd4 Qg3 29. Qf2 Qg6 30. Qe2 h5 31. Bxa7 Re6 32. Rd8+ Kh7 33. Rd2 Bxc2 34. Qf2 Be4 35. Bb8 Bd5 36. Kh2 Rf6 37. Qg3 Qb1 38. Qg5 Rf5 39. Qe3 g6 40. Bf4 Rf6 41. h4 Re6 42. Qd3 Qxd3 43. Rxd3 Re4 44. Kg3 f6 45. Re3 Rd4 46. Re7+ Kg8 47. Re2 Kf7 48. Rd2 Re4 49. Rf2 Ke6 50. Bc1 g5 1/2-1/2

[Event "Budapest FS04 IM"]
[Site "Budapest"]
[Date "2008.04.06"]
[Round "2"]
[White "Balazs, Gabor1"]
[Black "Van der Nat, Nicholas P"]
[Result "0-1"]
[WhiteElo "2278"]
[BlackElo "2265"]
[PlyCount "86"]
[EventDate "2008.04.05"]
[EventType "tourn"]
[EventRounds "11"]
[EventCountry "HUN"]
[EventCategory "1"]
[SourceTitle "CBM 123 Extra"]
[Source "ChessBase"]
[SourceDate "2008.05.06"]
[SourceVersion "1"]
[SourceVersionDate "2008.05.06"]
[SourceQuality "1"]

1. d4 Nf6 2. c4 g6 3. Nc3 Bg7 4. e4 d6 5. Be2 0-0 6. Be3 e5 7. Nf3 exd4 8. Nxd4 c6 9. f3 Re8 10. Bf2 d5 11. exd5 cxd5 12. c5 Nc6 13. 0-0 Nh5 14. Qd2 Be5 15. g3 Ng7 16. Rfd1 Be6 17. Nxe6 fxe6 18. Nb5 a6 19. Nd4 Qf6 20. f4 Bxd4 21. Bxd4 Nxd4 22. Qxd4 Qxd4+ 23. Rxd4 Rec8 24. Rc1 a5 25. Rc3 Ne8 26. Ra4 Nf6 27. Bf3 Nd7 28. Rca3 Rxc5 29. b4 Rc1+ 30. Kg2 b6 31. g4 Kf7 32. f5 gxf5 33. gxf5 Rc4 34. Re3 Rg8+ 35. Kf2 Nc5 36. fxe6+ Ke7 37. Raa3 d4 38. Re5 Rxb4 39. Rh5 Rb2+ 40. Ke1 Rg7 41. Be2 Ne4 42. Bd3 Nd2 43. Kd1 Nf3 0-1

[Event "Budapest FS04 IM"]
[Site "Budapest"]
[Date "2008.04.05"]
[Round "1"]
[White "Van der Nat, Nicholas P"]
[Black "Simonyi, Zoltan"]
[Result "0-1"]
[WhiteElo "2265"]
[BlackElo "2250"]
[PlyCount "112"]
[EventDate "2008.04.05"]
[EventType "tourn"]
[EventRounds "11"]
[EventCountry "HUN"]
[EventCategory "1"]
[SourceTitle "CBM 123 Extra"]
[Source "ChessBase"]
[SourceDate "2008.05.06"]
[SourceVersion "1"]
[SourceVersionDate "2008.05.06"]
[SourceQuality "1"]

1. e4 e6 2. d4 d5 3. Nc3 Bb4 4. e5 c5 5. a3 Bxc3+ 6. bxc3 Ne7 7. Qg4 Nf5 8. Bd3 Kf8 9. Ne2 Nc6 10. a4 Kg8 11. Ng3 Nce7 12. a5 h6 13. Nh5 Ng6 14. g3 Bd7 15. h4 Rc8 16. 0-0 Rc6 17. Ba3 c4 18. Bxf5 exf5 19. Qf3 Be6 20. Rfb1 Ra6 21. Rb5 Rxa5 22. Rxa5 Qxa5 23. Nxg7 Qa4 24. Qd1 Qc6 25. Nh5 Kh7 26. Bc1 a6 27. Ra5 b5 28. Bd2 Qb6 29. Ra2 a5 30. Qc1 f4 31. Bxf4 Nxf4 32. Qxf4 b4 33. cxb4 axb4 34. g4 b3 35. g5 Kg6 36. cxb3 Kxh5 37. Qf3+ Kxh4 38. Qf4+ Kh5 39. f3 Qd8 40. Rh2+ Kg6 41. gxh6 Kh7 42. bxc4 Rg8+ 43. Kf2 dxc4 44. Qe4+ Kh8 45. f4 Qa5 46. Qc2 Qd5 47. Qd2 Qe4 48. h7 Rg4 49. Qb4 Qxf4+ 50. Ke1 Rg1+ 51. Ke2 Qxh2+ 52. Kf3 Bd5+ 53. Ke3 Rg3+ 54. Kf4 Rf3+ 55. Kg4 Qf4+ 56. Kh5 Rh3# 0-1

[Event "Johannesburg Masters"]
[Site "Johannesburg"]
[Date "2007.01.12"]
[Round "1"]
[White "Cawdery, Daniel"]
[Black "Van der Nat, Nicholas P"]
[Result "0-1"]
[WhiteElo "2255"]
[BlackElo "2265"]
[PlyCount "68"]
[EventDate "2007.01.12"]
[EventType "tourn"]
[EventRounds "6"]
[EventCountry "RSA"]
[EventCategory "2"]
[SourceTitle "CBM 116 Extra"]
[Source "ChessBase"]
[SourceDate "2007.03.07"]
[SourceVersion "1"]
[SourceVersionDate "2007.03.07"]
[SourceQuality "1"]

1. e4 c5 2. Nf3 Nc6 3. d4 cxd4 4. Nxd4 Nf6 5. Nc3 e5 6. Ndb5 d6 7. Bg5 a6 8. Bxf6 gxf6 9. Na3 b5 10. Nd5 Bg7 11. Qh5 Be6 12. Ne3 Rc8 13. Be2 Nd4 14. 0-0 Nxe2+ 15. Qxe2 Bh6 16. c3 Bxe3 17. Qxe3 Rc6 18. Nc2 a5 19. Qd2 d5 20. Rfd1 Rd6 21. Qe2 Qd7 22. Ne3 Rg8 23. Rd2 Kf8 24. exd5 Bh3 25. Kh1 Bg4 26. Qd3 f5 27. f3 e4 28. fxe4 Rh6 29. e5 f4 30. Nxg4 Qxg4 31. d6 Qh5 32. g4 fxg3 33. d7 Kg7 34. Rg1 Qxh2+ 0-1